[Event "72nd RUS-ch Higher League 2019"]
[Site "Yaroslavl"]
[Date "2019.07.04"]
[Round "7.10"]
[White "Popov, Ivan"]
[Black "Khismatullin, Denis"]
[Result "0-1"]
[WhiteElo "2599"]
[BlackElo "2618"]
[Annotator "ChessBase"]
[PlyCount "96"]
[EventDate "2019.06.27"]
[EventType "swiss"]
[EventCountry "RUS"]
[SourceTitle "playchess.com"]
[Source "ChessBase"]
[SourceQuality "1"]
[TimeControl "40/5400+30:1800+30"]

1. e4 {[%emt 0:00:00]} c5 {[%emt 0:00:00]} 2. Nf3 {[%emt 0:00:09]} d6 {[%emt 0:00:40]} 3. d4 {[%emt 0:00:10]} cxd4 {[%emt 0:00:06]} 4. Qxd4 {[%emt 0:00:11]} a6 {[%emt 0:11:15]} 5. Be2 {[%emt 0:01:58]} Nc6 {[%emt 0:00:43]} 6. Qe3 {[%emt 0:00:12]} Nf6 {[%emt 0:00:10]} 7. O-O {[%emt 0:03:50]} Bg4 {[%emt 0:06:48]} 8. c4 {[%emt 0:05:34]} e6 {[%emt 0:00:52]} 9. Nc3 {[%emt 0:01:03]} Be7 {[%emt 0:00:08]} 10. b3 {[%emt 0:01:35]} O-O {[%emt 0:00:11]} 11. Bb2 {[%emt 0:00:08]} Qa5 {[%emt 0:03:33]} 12. Rfd1 {[%emt 0:07:17]} Rfd8 {[%emt 0:02:52]} 13. Nd4 {[%emt 0:14:47]} Bxe2 {[%emt 0:03:46]} 14. Nxc6 {[%emt 0:02:42]} bxc6 {[%emt 0:00:08]} 15. Qxe2 {[%emt 0:01:01]} Nd7 {[%emt 0:07:43]} 16. Rd2 {[%emt 0:04:37]} Nc5 {[%emt 0:01:11]} 17. Rad1 {[%emt 0:00:40]} Bf6 {[%emt 0:10:52]} 18. Qe3 {[%emt 0:04:32]} Qc7 {[%emt 0:14:01]} 19. f4 {[%emt 0:18:31]} e5 {[%emt 0:04:49]} 20. f5 {[%emt 0:00:31]} h6 {[%emt 0:00:25]} 21. Qf2 {[%emt 0:01:14]} Bg5 {[%emt 0:01:32]} 22. Re2 {[%emt 0:07:08]} Rab8 {[%emt 0:01:34]} 23. h4 {[%emt 0:01:33]} Be7 {[%emt 0:03:12]} 24. g3 {[%emt 0:06:04]} a5 {[%emt 0:01:55]} 25. Ba3 {[%emt 0:00:26]} Nxb3 {[%emt 0:02:03]} 26. axb3 {[%emt 0:00:55]} Rxb3 {[%emt 0:00:06]} 27. Bb2 {[%emt 0:02:52]} Qb7 28. Ra1 {[%emt 0:04:01]} Rb8 {[%emt 0:07:30]} 29. Na4 {[%emt 0:04:25]} Qa6 30. c5 {[%emt 0:00:30]} Rxg3+ {[%emt 0:13:45]} 31. Qxg3 {[%emt 0:00:05]} Qxe2 {[%emt 0:00:03]} 32. cxd6 {[%emt 0:00:37]} Bxd6 {[%emt 0:00:13]} 33. f6 {[%emt 0:00:21]} g6 34. Bxe5 {[%emt 0:03:45]} Bxe5 {[%emt 0:02:47]} 35. Qxe5 {[%emt 0:00:01]} Qg4+ {[%emt 0:00:35]} 36. Kf1 {[%emt 0:01:09]} Qh3+ {[%emt 0:00:38]} 37. Kg1 {[%emt 0:00:18]} Qg4+ {[%emt 0:00:26]} 38. Kf1 {[%emt 0:00:01]} Rd8 {[%emt 0:00:21]} 39. Nc5 {[%emt 0:02:59]} Qh3+ {[%emt 0:01:21]} 40. Kg1 {[%emt 0:00:00]} Qg4+ {[%emt 0:00:00]} 41. Kf1 {[%emt 0:01:34]} Qxh4 {[%emt 0:04:42]} 42. Kg1 {[%emt 0:07:22]} Qg4+ {[%emt 0:04:14]} 43. Kf1 {[%emt 0:04:31]} h5 {[%emt 0:10:20]} 44. Qe7 {[%emt 0:01:14]} Rd2 {[%emt 0:09:57]} 45. Qe8+ {[%emt 0:06:34]} Kh7 {[%emt 0:00:19]} 46. Qxf7+ {[%emt 0:00:04]} Kh6 {[%emt 0:00:05]} 47. Qf8+ {[%emt 0:00:37]} Kg5 {[%emt 0:00:06]} 48. Ne6+ {[%emt 0:00:05]} Kh4 {[%emt 0:00:17]} 0-1

[Event "72nd RUS-ch Higher League 2019"]
[Site "Yaroslavl"]
[Date "2019.07.04"]
[Round "7.11"]
[White "Frolyanov, Dmitry"]
[Black "Kobalia, Mikhail"]
[Result "1/2-1/2"]
[WhiteElo "2538"]
[BlackElo "2608"]
[Annotator "ChessBase"]
[PlyCount "31"]
[EventDate "2019.06.27"]
[EventType "swiss"]
[EventCountry "RUS"]
[SourceTitle "playchess.com"]
[Source "ChessBase"]
[SourceQuality "1"]
[TimeControl "40/5400+30:1800+30"]

1. e4 {[%emt 0:00:00]} c6 {[%emt 0:00:12]} 2. d4 {[%emt 0:00:00]} d5 {[%emt 0:00:06]} 3. exd5 {[%emt 0:00:07]} cxd5 {[%emt 0:00:05]} 4. c4 {[%emt 0:00:13]} Nf6 {[%emt 0:00:07]} 5. Nc3 {[%emt 0:00:11]} g6 {[%emt 0:00:11]} 6. cxd5 {[%emt 0:01:23]} Nxd5 {[%emt 0:00:49]} 7. Bc4 {[%emt 0:00:04]} Nxc3 {[%emt 0:06:12]} 8. Qb3 {[%emt 0:01:39]} e6 {[%emt 0:01:04]} 9. bxc3 {[%emt 0:00:17]} Nc6 {[%emt 0:07:34]} 10. Nf3 {[%emt 0:03:23]} Bg7 {[%emt 0:03:32]} 11. Ba3 {[%emt 0:01:04]} Bf8 {[%emt 0:00:45]} 12. Bc1 {[%emt 0:01:47]} Bg7 {[%emt 0:01:00]} 13. Ba3 {[%emt 0:00:05]} Bf8 {[%emt 0:01:44]} 14. Bc1 {[%emt 0:23:22]} Bg7 {[%emt 0:00:45]} 15. Ba3 {[%emt 0:00:27]} Bf8 {[%emt 0:00:11]} 16. Bc1 1/2-1/2

[Event "72nd RUS-ch Higher League 2019"]
[Site "Yaroslavl"]
[Date "2019.07.04"]
[Round "7.12"]
[White "Belozerov, Andrei"]
[Black "Ponkratov, Pavel"]
[Result "0-1"]
[WhiteElo "2533"]
[BlackElo "2649"]
[Annotator "TA"]
[PlyCount "90"]
[EventDate "2019.06.27"]
[EventType "swiss"]
[EventCountry "RUS"]
[SourceTitle "playchess.com"]
[Source "ChessBase"]
[SourceQuality "1"]

{[%evp 15,90,25,71,63,64,27,29,7,0,45,121,32,114,111,120,114,113,118,104,105,145,144,143,161,158,139,129,143,141,119,128,110,161,129,239,232,232,232,200,0,0,0,0,0,0,-8,-11,-124,-132,-855,-832,-1045,-998,-1013,-964,-977,-971,-936,-920,-885,-863,-1429,-1372,-1599,-1345,-29977,-29978,-29976,-29979,-29979,-29980,-29980,-29981,-29981,-29982,-29979,-29979]} 1. e4 c5 2. Nf3 d6 3. d4 cxd4 4. Nxd4 Nf6 5. Nc3 a6 6. f3 e6 7. Be3 b5 8. Qd2 Qc7 9. g4 {B80: Sicilian Scheveningen: 6 g3 and 6 Be3, including English Attack} h6 10. O-O-O b4 11. Nce2 {White has an edge.} Nbd7 $1 12. h4 Bb7 (12... Nb6 $14) (12... d5 13. exd5 Nxd5 14. Nf4 Nxe3 15. Qxe3 Qe5 16. Qd2 Bc5 17. Nf5 {1-0 (26) Robson,R (2670)-Shomoev,A (2552) Ulaanbaatar 2018}) 13. Ng3 $146 ({Reject} 13. Qxb4 d5 $11) (13. Bh3 $1 $16) ({Predecessor:} 13. Kb1 Ne5 14. Qxb4 Ned7 15. Qc3 Rc8 16. Qxc7 Rxc7 17. Nc3 d5 18. exd5 Nxd5 19. Nxd5 Bxd5 20. Bxa6 Bxa2+ 21. Kxa2 {½-½ (52) Chatziioannidi,F (1592)-Kouta,A (1703) Rio Achaea 2018}) 13... d5 ({Better is} 13... g6 $14) 14. g5 $16 hxg5 15. hxg5 Rxh1 16. Nxh1 Nh5 17. g6 $1 Nhf6 18. Nf2 e5 {[#]} 19. gxf7+ $1 Kxf7 20. Nf5 d4 21. Bg5 a5 22. Kb1 a4 23. Nd3 Rc8 (23... b3 $16) 24. Qh2 b3 (24... g6 $16) 25. cxb3 axb3 26. axb3 Qb6 27. Nxe5+ $2 (27. b4 $18) 27... Nxe5 $11 28. Qxe5 Qxb3 $40 {[%mdl 192] Double Attack. Black attacks.} 29. Rc1 Qxf3 30. Rc7+ {[%mdl 64] Double Attack} Kg8 31. Bc4+ {[#]} (31. Rxc8 $1 $11 Qxf1+ 32. Rc1 Qd3+ 33. Rc2 Bxe4 34. Nxd4) 31... Kh7 $1 $17 32. Rxc8 $4 {[%mdl 8192]} (32. Qh2+ $17 Nh5 33. Rxb7 (33. Rxc8 $2 Qd1+ 34. Ka2 Qa4+ 35. Kb1 Bxe4+ {[%mdl 64] Double Attack} 36. Bd3 Qd1+ {[%mdl 64] Double Attack} 37. Bc1 Bxd3+ 38. Rc2 Bxf5 $19 {[%mdl 64] Pin}) 33... Rxc4 34. Ra7) 32... Qd1+ $19 33. Bc1 Bxe4+ 34. Qxe4 Nxe4 35. Bd5 Qd3+ 36. Rc2 Nf6 {[%mdl 64] Discovered Attack} 37. Be6 g6 38. Bg5 gxf5 39. Bxf6 Kg6 40. Bd8 Bh6 {Black mates.} 41. b3 Qd1+ 42. Kb2 Bd2 43. Bh4 Bc3+ 44. Rxc3 dxc3+ 45. Kxc3 Qf3+ {Accuracy: White = 31%, Black = 64%.} 0-1

[Event "72nd RUS-ch Higher League 2019"]
[Site "Yaroslavl"]
[Date "2019.07.04"]
[Round "7.13"]
[White "Alekseev, Evgeny"]
[Black "Triapishko, Alexandr"]
[Result "1-0"]
[WhiteElo "2645"]
[BlackElo "2512"]
[Annotator "TA"]
[PlyCount "145"]
[EventDate "2019.06.27"]
[EventType "swiss"]
[EventCountry "RUS"]
[SourceTitle "playchess.com"]
[Source "ChessBase"]
[SourceQuality "1"]

{[%evp 14,145,8,0,12,7,14,14,13,10,20,15,12,16,26,18,35,35,33,21,18,25,23,17,35,34,48,47,60,60,60,52,61,20,59,48,42,41,53,36,56,25,45,51,81,51,55,11,9,13,106,106,106,106,215,217,241,232,299,293,318,288,293,195,197,187,250,224,244,231,270,270,264,274,274,265,306,316,313,316,310,233,245,216,223,209,293,304,327,327,327,326,303,313,308,258,345,344,348,344,423,375,495,479,1768,1901,1705,1759,5697,5697,5704,5689,5682,5668,5660,5098,29973,29973,29977,29976,29979,760,29978,29971,29951,5627,29987,29987,29987,29988,29988,29986,29986,29987]} 1. e4 c6 2. d4 d5 3. exd5 cxd5 4. Bd3 Nf6 5. h3 Nc6 6. c3 g6 7. Nf3 Bf5 8. O-O Bxd3 {B13: Caro-Kann: Exchange Variation and Panov-Botvinnik Attack} (8... Bg7 9. Re1 O-O 10. Bf1 a6 11. Bf4 Ne4 12. Nbd2 Re8 13. Nxe4 Bxe4 14. Nd2 Bf5 15. Nb3 Qb6 16. a4 Na5 17. Nxa5 Qxa5 {1-0 (34) Aronian,L (2767)-Mamedyarov,S (2801) Saint Louis 2018}) 9. Qxd3 Bg7 10. Bf4 O-O {The position is equal.} 11. Nbd2 a6 $146 ({Predecessor:} 11... Re8 12. Rfe1 {½-½ (13) Vidovic,B-Kontler,S (1856) Ptuj 2012}) 12. Rfe1 Re8 13. Re2 Qb6 14. Nb3 Ne4 15. Rae1 a5 16. Nc1 a4 17. a3 e6 18. Qd1 Qb5 19. Nd3 Na5 20. Nfe5 Qb3 21. Qb1 Nc4 22. Nxc4 Qxc4 23. Be5 Qb5 24. Bxg7 Kxg7 25. Ne5 Re7 26. Qc1 Nf6 27. Re3 Rf8 28. Rf3 {[#] Threatens to win with Rxf6!} Ng8 29. h4 f6 30. Ng4 h5 31. Ne3 $36 {[%cal Bg4e3,Be3c2,Bc2b4][%mdl 2080] White has the initiative.} f5 (31... Nh6 $11 {keeps the balance.}) 32. Nc2 $16 Nf6 33. Nb4 Ne4 (33... Ng4 $16) 34. Qf4 $18 Qb6 35. Rfe3 e5 36. dxe5 Rd8 {If only Black now had time for ...d4....} 37. f3 Nd2 38. Qd4 Qxd4 39. cxd4 Nc4 (39... Nb3 {was necessary.} 40. Rd1 Rc7) 40. R3e2 f4 41. Kf2 Ne3 42. Nd3 Nf5 43. Nxf4 Nxd4 44. Rd2 Nf5 45. Rxd5 ({Inferior is} 45. Nxd5 Red7 $15) 45... Rxd5 46. Nxd5 {[%mdl 4096] Endgame KRN-KRN} Rd7 47. Nc3 Nxh4 48. Re4 Nf5 49. Nxa4 h4 (49... Rd2+ $142 50. Re2 Rd5) 50. Nc5 Rd2+ 51. Re2 Rd5 52. Nxb7 Ng3 53. Rc2 Rxe5 54. Nd6 g5 55. Ne4 Nxe4+ 56. fxe4 Rxe4 {KR-KR} 57. b4 {[%cal Bb2b4,Bb4b5,Bb5b6,Bb6b7][%mdl 32]} Rf4+ 58. Ke3 Rg4 (58... h3 $142 59. gxh3 Rh4) 59. b5 Rg3+ 60. Kd4 Rxa3 61. Rb2 Ra8 62. b6 Rb8 63. Kc5 Kf6 64. b7 Kf5 65. Kc6 g4 66. Rb3 Rh8 67. Kc7 (67. b8=Q $142 Rxb8 68. Rxb8 h3 69. Rf8+ Ke5 70. gxh3 gxh3 71. Rh8 Kf4 72. Rxh3) 67... Rh7+ 68. Kb6 Rh8 69. Rc3 (69. Ra3 $142 Rb8 70. Ka7 Rh8 71. b8=Q Rxb8 72. Kxb8 Kg5 73. Kc7 Kf5 74. Kd6) 69... Rh6+ 70. Rc6 {White mates.} Rh8 71. Rc8 h3 72. gxh3 Rxh3 73. Rc5+ {Accuracy: White = 75%, Black = 23%.} 1-0

[Event "72nd RUS-ch Higher League 2019"]
[Site "Yaroslavl"]
[Date "2019.07.04"]
[Round "7.14"]
[White "Drygalov, Andrey"]
[Black "Petrov, Nikita"]
[Result "1/2-1/2"]
[WhiteElo "2494"]
[BlackElo "2610"]
[Annotator "ChessBase"]
[PlyCount "66"]
[EventDate "2019.06.27"]
[EventType "swiss"]
[EventCountry "RUS"]
[SourceTitle "playchess.com"]
[Source "ChessBase"]
[SourceQuality "1"]
[TimeControl "40/5400+30:1800+30"]

1. e4 {[%emt 0:00:00]} c5 {[%emt 0:00:00]} 2. Nf3 {[%emt 0:00:00]} Nc6 {[%emt 0:00:00]} 3. Bb5 {[%emt 0:00:00]} g6 {[%emt 0:00:34]} 4. Bxc6 {[%emt 0:00:05]} bxc6 {[%emt 0:00:13]} 5. O-O {[%emt 0:00:07]} Bg7 {[%emt 0:00:21]} 6. Re1 {[%emt 0:00:16]} Nh6 {[%emt 0:01:10]} 7. c3 {[%emt 0:00:21]} O-O {[%emt 0:00:34]} 8. h3 {[%emt 0:00:14]} f5 {[%emt 0:01:06]} 9. e5 {[%emt 0:00:05]} Nf7 {[%emt 0:00:38]} 10. d3 {[%emt 0:00:17]} Rb8 {[%emt 0:04:18]} 11. b3 {[%emt 0:10:52]} h6 {[%emt 0:06:05]} 12. d4 {[%emt 0:06:36]} cxd4 {[%emt 0:12:16]} 13. cxd4 {[%emt 0:05:17]} c5 {[%emt 0:10:08]} 14. Bb2 {[%emt 0:08:51]} Bb7 {[%emt 0:18:49]} 15. Nbd2 {[%emt 0:04:09]} g5 {[%emt 0:10:29]} 16. dxc5 {[%emt 0:04:06]} e6 {[%emt 0:00:26]} 17. Nd4 {[%emt 0:02:01]} Qc7 {[%emt 0:04:16]} 18. c6 {[%emt 0:05:40]} Bxc6 {[%emt 0:00:29]} 19. Nxc6 {[%emt 0:00:16]} Qxc6 {[%emt 0:04:18]} 20. Nc4 {[%emt 0:00:12]} Rfd8 {[%emt 0:10:33]} 21. Qe2 {[%emt 0:04:00]} Qa6 {[%emt 0:00:46]} 22. Qe3 {[%emt 0:05:34]} Rb5 {[%emt 0:02:21]} 23. Red1 {[%emt 0:03:37]} Rd5 {[%emt 0:02:45]} 24. Rd2 {[%emt 0:16:43]} Rb8 {[%emt 0:00:41]} 25. Qe1 {[%emt 0:07:45]} Rbb5 {[%emt 0:01:13]} 26. Re2 {[%emt 0:04:06]} Rd3 {[%emt 0:01:57]} 27. Rd2 {[%emt 0:01:40]} Rxd2 {[%emt 0:00:51]} 28. Qxd2 {[%emt 0:00:12]} Rd5 {[%emt 0:00:22]} 29. Qb4 {[%emt 0:01:12]} Bf8 {[%emt 0:02:21]} 30. Qe1 {[%emt 0:00:54]} Bg7 {[%emt 0:00:58]} 31. Qb4 {[%emt 0:00:31]} Bf8 {[%emt 0:00:03]} 32. Qe1 {[%emt 0:00:05]} Bg7 {[%emt 0:00:09]} 33. Qb4 {[%emt 0:00:12]} Bf8 {[%emt 0:00:04]} 1/2-1/2

[Event "72nd RUS-ch Higher League 2019"]
[Site "Yaroslavl"]
[Date "2019.07.04"]
[Round "7.15"]
[White "Timofeev, Artyom"]
[Black "Airapetian, Gor"]
[Result "1/2-1/2"]
[WhiteElo "2608"]
[BlackElo "2442"]
[Annotator "ChessBase"]
[PlyCount "144"]
[EventDate "2019.06.27"]
[EventType "swiss"]
[EventCountry "RUS"]
[SourceTitle "playchess.com"]
[Source "ChessBase"]
[SourceQuality "1"]
[TimeControl "40/5400+30:1800+30"]

1. e4 {[%emt 0:00:00]} e6 {[%emt 0:00:02]} 2. d4 {[%emt 0:00:00]} d5 {[%emt 0:00:07]} 3. Nd2 {[%emt 0:00:10]} c5 {[%emt 0:00:23]} 4. exd5 {[%emt 0:01:24]} Qxd5 {[%emt 0:00:14]} 5. Ngf3 {[%emt 0:00:17]} cxd4 {[%emt 0:00:26]} 6. Bc4 {[%emt 0:00:36]} Qd8 {[%emt 0:03:09]} 7. O-O {[%emt 0:01:39]} Nc6 {[%emt 0:00:17]} 8. Nb3 {[%emt 0:04:05]} a6 {[%emt 0:00:12]} 9. Nbxd4 {[%emt 0:07:34]} Nxd4 {[%emt 0:00:14]} 10. Nxd4 {[%emt 0:00:06]} Bd6 {[%emt 0:00:05]} 11. Bd3 {[%emt 0:03:10]} Nf6 {[%emt 0:16:28]} 12. Bg5 {[%emt 0:05:41]} Qc7 {[%emt 0:07:42]} 13. g3 {[%emt 0:08:12]} Bd7 {[%emt 0:08:22]} 14. Re1 {[%emt 0:02:35]} O-O-O {[%emt 0:14:56]} 15. Qf3 {[%emt 0:08:07]} Be5 {[%emt 0:05:49]} 16. Qe3 {[%emt 0:00:59]} Bd6 {[%emt 0:19:36]} 17. c4 {[%emt 0:04:05]} Kb8 {[%emt 0:02:23]} 18. b4 {[%emt 0:05:13]} h6 {[%emt 0:00:28]} 19. Bxf6 {[%emt 0:02:04]} gxf6 {[%emt 0:00:44]} 20. Rab1 {[%emt 0:00:00]} Be5 {[%emt 0:05:54]} 21. Nf3 {[%emt 0:02:05]} Bc6 {[%emt 0:00:37]} 22. Be4 {[%emt 0:02:19]} Bxe4 {[%emt 0:02:00]} 23. Qxe4 {[%emt 0:00:08]} Bc3 {[%emt 0:01:56]} 24. Rec1 {[%emt 0:01:15]} f5 {[%emt 0:00:02]} 25. Qe2 {[%emt 0:00:47]} Bf6 {[%emt 0:00:28]} 26. b5 {[%emt 0:12:28]} a5 {[%emt 0:01:11]} 27. b6 {[%emt 0:01:05]} Qc5 {[%emt 0:01:31]} 28. Qe1 {[%emt 0:02:13]} Rd6 {[%emt 0:02:42]} 29. Rb5 {[%emt 0:00:56]} Qa3 {[%emt 0:00:21]} 30. Kg2 {[%emt 0:00:28]} Rhd8 {[%emt 0:03:41]} 31. Rxa5 {[%emt 0:05:14]} Qd3 {[%emt 0:00:06]} 32. Ra7 {[%emt 0:16:12]} Qe4 {[%emt 0:01:56]} 33. Qa5 {[%emt 0:01:04]} Kc8 {[%emt 0:00:01]} 34. Qb5 {[%emt 0:01:42]} Kb8 {[%emt 0:02:16]} 35. Qa5 {[%emt 0:01:42]} Kc8 {[%emt 0:00:04]} 36. Qb5 {[%emt 0:01:35]} Kb8 {[%emt 0:00:54]} 37. Re1 {[%emt 0:00:36]} Qc6 {[%emt 0:00:25]} 38. Qa5 {[%emt 0:00:24]} Qxb6 {[%emt 0:00:31]} 39. Ra8+ {[%emt 0:00:19]} Kc7 {[%emt 0:00:01]} 40. c5 {[%emt 0:00:00]} Qxa5 {[%emt 0:00:00]} 41. cxd6+ {[%emt 0:01:20]} Kb6 {[%emt 0:01:11]} 42. Rb1+ {[%emt 0:01:21]} Qb5 {[%emt 0:00:06]} 43. Rxb5+ {[%emt 0:00:12]} Kxb5 {[%emt 0:00:01]} 44. Rxd8 {[%emt 0:00:19]} Bxd8 {[%emt 0:00:02]} 45. Ne5 {[%emt 0:01:54]} Bf6 {[%emt 0:00:37]} 46. Nxf7 {[%emt 0:08:00]} Kc6 {[%emt 0:00:12]} 47. g4 {[%emt 0:00:24]} fxg4 {[%emt 0:05:55]} 48. Nxh6 {[%emt 0:00:20]} Kxd6 {[%emt 0:00:07]} 49. Nxg4 {[%emt 0:00:05]} Bh8 {[%emt 0:00:18]} 50. h4 {[%emt 0:02:40]} Kc5 {[%emt 0:01:41]} 51. h5 {[%emt 0:02:21]} Kb4 {[%emt 0:04:14]} 52. Nh6 {[%emt 0:00:39]} b5 {[%emt 0:01:16]} 53. Nf7 {[%emt 0:00:36]} Bf6 {[%emt 0:01:56]} 54. Nd6 {[%emt 0:07:33]} Be5 {[%emt 0:01:24]} 55. Nf7 {[%emt 0:04:31]} Bf6 {[%emt 0:00:12]} 56. Nd6 {[%emt 0:02:11]} Be5 {[%emt 0:00:06]} 57. Ne4 {[%emt 0:01:47]} Ka3 {[%emt 0:05:15]} 58. Nc5 {[%emt 0:00:09]} Kxa2 {[%emt 0:00:45]} 59. Nxe6 {[%emt 0:00:08]} b4 {[%emt 0:03:33]} 60. Nc5 {[%emt 0:00:09]} b3 {[%emt 0:04:03]} 61. Nd3 {[%emt 0:00:33]} b2 {[%emt 0:02:24]} 62. Nxb2 {[%emt 0:00:07]} Bxb2 {[%emt 0:01:11]} 63. Kf3 {[%emt 0:00:15]} Kb3 {[%emt 0:00:06]} 64. Ke4 {[%emt 0:01:03]} Kc4 {[%emt 0:00:06]} 65. f4 {[%emt 0:00:13]} Kc5 {[%emt 0:00:12]} 66. Kf5 {[%emt 0:00:20]} Kd6 {[%emt 0:00:06]} 67. Kg6 {[%emt 0:00:11]} Ke7 {[%emt 0:00:12]} 68. h6 {[%emt 0:00:16]} Kf8 {[%emt 0:00:44]} 69. h7 {[%emt 0:00:11]} Ke7 {[%emt 0:00:05]} 70. f5 {[%emt 0:00:08]} Bf6 {[%emt 0:00:21]} 71. h8=Q {[%emt 0:00:45]} Bxh8 {[%emt 0:00:06]} 72. f6+ {[%emt 0:00:00]} Bxf6 {[%emt 0:00:03]} 1/2-1/2

[Event "72nd RUS-ch Higher League 2019"]
[Site "Yaroslavl"]
[Date "2019.07.04"]
[Round "7.16"]
[White "Khanin, Semen"]
[Black "Paravyan, David"]
[Result "0-1"]
[WhiteElo "2529"]
[BlackElo "2605"]
[Annotator "ChessBase"]
[PlyCount "106"]
[EventDate "2019.06.27"]
[EventType "swiss"]
[EventCountry "RUS"]
[SourceTitle "playchess.com"]
[Source "ChessBase"]
[SourceQuality "1"]
[TimeControl "40/5400+30:1800+30"]

1. e4 {[%emt 0:00:00]} c5 {[%emt 0:00:00]} 2. Nf3 {[%emt 0:00:00]} d6 {[%emt 0:00:00]} 3. d4 {[%emt 0:00:05]} cxd4 {[%emt 0:00:04]} 4. Nxd4 {[%emt 0:00:03]} Nf6 {[%emt 0:00:06]} 5. Nc3 {[%emt 0:00:05]} a6 {[%emt 0:00:03]} 6. f3 {[%emt 0:00:10]} e5 {[%emt 0:00:04]} 7. Nb3 {[%emt 0:00:04]} Be6 {[%emt 0:00:04]} 8. Be3 {[%emt 0:00:08]} Be7 {[%emt 0:00:04]} 9. Qd2 {[%emt 0:00:15]} h5 {[%emt 0:00:06]} 10. O-O-O {[%emt 0:06:51]} Nbd7 {[%emt 0:00:04]} 11. Kb1 {[%emt 0:00:48]} Rc8 {[%emt 0:00:15]} 12. h4 {[%emt 0:00:46]} b5 {[%emt 0:01:10]} 13. a3 {[%emt 0:00:05]} O-O {[%emt 0:10:30]} 14. Bg5 {[%emt 0:00:04]} Nb6 {[%emt 0:00:13]} 15. Bxf6 {[%emt 0:06:58]} Bxf6 {[%emt 0:00:19]} 16. Qxd6 {[%emt 0:01:37]} Be7 {[%emt 0:05:35]} 17. Qxd8 {[%emt 0:07:56]} Rfxd8 {[%emt 0:00:15]} 18. Rxd8+ {[%emt 0:06:01]} Rxd8 {[%emt 0:00:41]} 19. Be2 {[%emt 0:00:46]} g6 {[%emt 0:05:59]} 20. g4 {[%emt 0:13:08]} Kg7 {[%emt 0:27:48]} 21. gxh5 {[%emt 0:02:58]} gxh5 {[%emt 0:00:05]} 22. f4 {[%emt 0:05:45]} exf4 {[%emt 0:01:01]} 23. Bxh5 {[%emt 0:00:16]} Rh8 {[%emt 0:02:26]} 24. Bf3 {[%emt 0:02:07]} Rxh4 {[%emt 0:03:20]} 25. Rxh4 {[%emt 0:04:31]} Bxh4 {[%emt 0:00:12]} 26. Ne2 {[%emt 0:19:52]} Bg3 {[%emt 0:06:58]} 27. Nc5 {[%emt 0:04:56]} Nc4 {[%emt 0:02:07]} 28. Kc1 {[%emt 0:01:11]} Ne5 {[%emt 0:12:13]} 29. Nxe6+ {[%emt 0:00:21]} fxe6 {[%emt 0:00:04]} 30. Bh1 {[%emt 0:00:24]} Bf2 {[%emt 0:00:32]} 31. Kd1 {[%emt 0:09:01]} Be3 {[%emt 0:00:46]} 32. Nc3 {[%emt 0:02:47]} Kf6 {[%emt 0:16:09]} 33. Ke2 {[%emt 0:01:44]} Bc1 {[%emt 0:00:04]} 34. Nd1 {[%emt 0:00:07]} Kg5 {[%emt 0:00:04]} 35. Bf3 {[%emt 0:01:54]} Nc4 {[%emt 0:07:34]} 36. b3 {[%emt 0:01:31]} Nxa3 {[%emt 0:00:33]} 37. Kd3 {[%emt 0:00:46]} Kh4 {[%emt 0:00:13]} 38. e5 {[%emt 0:00:39]} Kg3 {[%emt 0:00:11]} 39. Bb7 {[%emt 0:00:31]} a5 {[%emt 0:01:05]} 40. Bc8 {[%emt 0:00:00]} f3 {[%emt 0:00:00]} 41. Bxe6 {[%emt 0:05:51]} Bf4 {[%emt 0:10:53]} 42. Bd5 {[%emt 0:09:24]} Bxe5 {[%emt 0:01:28]} 43. Ne3 {[%emt 0:00:39]} b4 {[%emt 0:14:04]} 44. Ke4 {[%emt 0:04:39]} Bf4 {[%emt 0:00:20]} 45. Nf1+ {[%emt 0:01:51]} Kf2 {[%emt 0:00:38]} 46. Kxf4 {[%emt 0:01:26]} Kxf1 {[%emt 0:00:03]} 47. Bxf3 {[%emt 0:04:06]} Nxc2 {[%emt 0:00:09]} 48. Ke4 {[%emt 0:00:53]} Na1 {[%emt 0:01:34]} 49. Kd3 {[%emt 0:03:31]} Nxb3 {[%emt 0:00:05]} 50. Bd1 {[%emt 0:02:16]} Nc1+ {[%emt 0:02:43]} 51. Kc4 {[%emt 0:00:26]} Ke1 {[%emt 0:00:09]} 52. Ba4 {[%emt 0:01:10]} Kd2 {[%emt 0:00:28]} 53. Kb5 {[%emt 0:00:06]} b3 {[%emt 0:00:14]} 0-1